00493nam a22001577a 450000500170000000800410001702000150005804100130007308200140008610000280010024500890012825000180021726000420023530000330027765000250031020231106090937.0231106b |||||||| |||| 00| 0 eng d a0958434751 aEnglish  a346.5 MEY aMeyerowitz, DlEnglish  aThe Law and Practice of Administration of Estates and Estates Duty / cD Meyerowitz  a2001 Edition  aCape Town : bThe Taxpayer CC, c2001 bxxx, 186 pages ; c25,5 cm.  aLegal practice bLaw